书目信息 |
| 题名: |
列宁主义问题
|
|
| 作者: | 斯大林 著 ;中共中央马恩列斯著作编译局 译 | |
| 分册: | ||
| 出版信息: | 上海 新华书店 |
|
| 页数: | 950页 | |
| 开本: | 20cm | |
| 丛书名: | ||
| 单 册: | ||
| 中图分类: | A361 | |
| 科图分类: | ||
| 主题词: | 斯大林著作--专题汇编 | |
| 电子资源: | ||
| ISBN: | ||
| 000 | 00586nam0 2200193 450 | |
| 001 | 0661450672 | |
| 005 | 20070923160655.73 | |
| 100 | @a20060726d km y0chiy0120 ea | |
| 101 | 0 | @achi |
| 102 | @aCN@b310000 | |
| 200 | 1 | @a列宁主义问题@Alie ning zhu yi wen ti@f斯大林著@Fsi da lin zhu |
| 210 | @a上海@c新华书店 | |
| 215 | @a950页@d20cm | |
| 606 | 0 | @a斯大林著作@x专题汇编 |
| 690 | @aA361@v3 | |
| 701 | 0 | @a斯大林@Asi da lin@4著 |
| 712 | 0 | @a中共中央马恩列斯著作编译局@Azhong gong zhong yang ma en lie si zhu zuo bian yi ju@4译 |
| 801 | 0 | @aCN@bPFT@c20070923 |
| 905 | @a10447@dA361@e12≈2 | |
| 列宁主义问题/斯大林著.-上海:新华书店 |
| 950页;20cm |
| ISBN : |
| ● |
| 相关链接 |
|
|
|
|
正题名:列宁主义问题
索取号:A361/12≈2
 
预约/预借
| 序号 | 登录号 | 条形码 | 馆藏地/架位号 | 状态 | 备注 |
| 1 | 626040 | 206260400 | 第一样本阅览室/ [索取号:A361/12≈2] | 在馆 |